Countries with Atolls - Statistics

General Stats
  • This quiz has been taken 71 times
  • The average score is 26 of 35
Answer Stats
Ocean Country % Correct
Atlantic/Pacific United States
94%
Pacific Tuvalu
90%
Pacific/Indian Australia
85%
Pacific/Indian Indonesia
85%
Pacific New Zealand
85%
Atlantic/Indian/Pacific United Kingdom
85%
Pacific China
84%
Pacific Fiji
84%
Pacific Kiribati
84%
Indian Maldives
84%
Pacific Solomon Islands
84%
Pacific Tonga
84%
Pacific Marshall Islands
82%
Pacific Micronesia
82%
Pacific Philippines
82%
Pacific Vanuatu
82%
Pacific/Indian France
79%
Indian India
79%
Pacific Japan
79%
Pacific Malaysia
79%
Pacific Palau
79%
Atlantic Brazil
76%
Atlantic Mexico
69%
Atlantic The Bahamas
69%
Indian Mauritius
68%
Indian Seychelles
65%
Atlantic Venezuela
65%
Pacific Vietnam
65%
Atlantic Colombia
63%
Pacific Papua New Guinea
63%
Pacific Taiwan
63%
Pacific Brunei
52%
Atlantic Dominican Republic
47%
Atlantic Belize
39%
Atlantic Honduras
37%
No matching quizzes found
Score Distribution
Percent of People with Each Score
Percentile by Number Answered
Your Score History
You have not taken this quiz